[Event "Cholet-E"]
[Site "Cholet"]
[Date "2012.02.22"]
[Round "7"]
[White "Lege, Timothee"]
[Black "Poirel, Marie France"]
[Result "1/2-1/2"]
[WhiteElo "1200"]
[BlackElo "1220"]
[PlyCount "106"]
[EventDate "2012.02.18"]
[EventType "swiss"]
[EventRounds "9"]
[EventCountry "FRA"]
[SourceTitle "EXT 2013"]
[Source "ChessBase"]
[SourceDate "2012.11.22"]
[SourceVersion "1"]
[SourceVersionDate "2012.11.22"]
[SourceQuality "1"]

1. d4 g6 2. Nf3 Bg7 3. Bf4 Nf6 4. e3 0-0 5. Bd3 d6 6. 0-0 Bg4 7. h3 Bd7 8. Nbd2 Nc6 9. c3 e6 10. Nc4 d5 11. Nce5 Nh5 12. Bh2 Nxe5 13. Bxe5 f6 14. Bh2 f5 15. Ne5 c6 16. Qb3 Rb8 17. Nxd7 Qxd7 18. Bxb8 Rxb8 19. c4 b6 20. cxd5 exd5 21. Qd1 Nf6 22. Rc1 Rc8 23. Be2 Qd6 24. Qa4 a5 25. Rc2 Nd7 26. g4 c5 27. dxc5 Nxc5 28. Qa3 Bf8 29. b3 Rc7 30. b4 axb4 31. Qxb4 Be7 32. Qf4 Qxf4 33. exf4 Bd6 34. Rd1 Bxf4 35. Rxd5 fxg4 36. hxg4 g5 37. Rd8+ Kg7 38. Rb8 Rb7 39. Rxb7+ Nxb7 40. Rb2 Bc7 41. a4 h6 42. a5 Nxa5 43. Rc2 Bd8 44. Rc8 Bf6 45. Bc4 Bd4 46. Rg8+ Kf6 47. Bb5 Nb7 48. Rc8 Nd6 49. Rc6 Bc5 50. Kg2 Kg7 51. Kg3 Nxb5 52. f4 gxf4+ 53. Kxf4 Nd6 1/2-1/2

[Event "Cholet-E"]
[Site "Cholet"]
[Date "2011.03.07"]
[Round "4"]
[White "Lege, Timothee"]
[Black "Retailleau, Bernard"]
[Result "1-0"]
[WhiteElo "1199"]
[BlackElo "1160"]
[PlyCount "121"]
[EventDate "2011.03.05"]
[EventType "tourn"]
[EventRounds "9"]
[EventCountry "FRA"]
[SourceTitle "EXT 2012"]
[Source "ChessBase"]
[SourceDate "2011.11.24"]
[SourceVersion "1"]
[SourceVersionDate "2011.11.24"]
[SourceQuality "1"]

1. d4 d6 2. Nf3 Nc6 3. Bf4 Bf5 4. e3 Nf6 5. Be2 h6 6. 0-0 g5 7. Bg3 Bg7 8. Nbd2 Qd7 9. c4 Nb4 10. a3 Nd3 11. Qc2 Nxf2 12. Qb3 N2e4 13. Nxe4 Bxe4 14. c5 Bd5 15. Qb4 Qc6 16. Bb5 0-0 17. Bxc6 Bxc6 18. Rad1 a5 19. Qc3 d5 20. Qc2 Ng4 21. Rfe1 Rac8 22. h3 Nf6 23. Qd2 Ne4 24. Qxa5 Nxg3 25. Kf2 Ne4+ 26. Kg1 f6 27. Nd2 b6 28. Qa7 Nxd2 29. Rxd2 h5 30. cxb6 cxb6 31. Qxb6 Bh6 32. b4 Bd7 33. b5 g4 34. hxg4 Bxg4 35. Qb7 Rb8 36. Qxd5+ e6 37. Qc5 f5 38. Qc6 Rfe8 39. a4 f4 40. exf4 Bxf4 41. Rf2 e5 42. dxe5 Bxe5 43. Qd5+ Kh8 44. Rxe5 Rbc8 45. a5 Rc1+ 46. Re1 Rcxe1+ 47. Rf1 Rd8 48. Qxd8+ Kg7 49. Rxe1 Kg6 50. Re5 Bf5 51. Qd6+ Kg5 52. Rxf5+ Kxf5 53. Qh6 Kg4 54. Qxh5+ Kg3 55. b6 Kf4 56. b7 Ke3 57. b8Q Kd2 58. Qh3 Ke2 59. Qb2+ Kd1 60. Qf3+ Ke1 61. Qf1# 1-0